[Event "DEM U14 2020"]
[Site "Willingen GER"]
[Date "2020.10.23"]
[Round "6"]
[White "Huo, Da"]
[Black "Eilenberg, Jonas"]
[Result "1/2-1/2"]
[Termination "normal"]
[Board "4"]
[WhiteElo "1868"]
[BlackElo "2242"]
[WhiteClock "00:02:36"]
[BlackClock "00:02:37"]
[PlyCount "131"]
[WhiteFideId "16221206"]
[BlackFideId "16204271"]
[EventCountry "GER"]
[EventRounds "7"]
[EventType "swiss"]
[EventDate "2020.10.19"]

1. e4 {[%clk 1:30:57]} e6 {[%clk 1:30:56]} 2. d4 {[%clk 1:31:21]} d5 {[%clk
1:31:22]} 3. Nd2 {[%clk 1:31:35]} Be7 {[%clk 1:31:47]} 4. Ngf3 {[%clk 1:31:20]}
Nf6 {[%clk 1:32:12]} 5. e5 {[%clk 1:31:46]} Nfd7 {[%clk 1:32:38]} 6. Bd3 {[%clk
1:26:54]} c5 {[%clk 1:32:58]} 7. c3 {[%clk 1:27:19]} Nc6 {[%clk 1:33:24]} 8.
O-O {[%clk 1:25:36]} a5 {[%clk 1:33:24]} 9. a4 {[%clk 1:25:36]} cxd4 {[%clk
1:33:57]} 10. cxd4 {[%clk 1:25:54]} Nb4 {[%clk 1:34:24]} 11. Bb1 {[%clk
1:21:36]} b6 {[%clk 1:34:51]} 12. Re1 {[%clk 1:21:31]} Ba6 {[%clk 1:35:16]} 13.
Nf1 {[%clk 1:19:46]} Rc8 {[%clk 1:32:52]} 14. Be3 {[%clk 1:12:52]} Rc6 {[%clk
1:29:53]} 15. Qb3 {[%clk 0:55:07]} Bc4 {[%clk 1:25:49]} 16. Qd1 {[%clk
0:54:19]} Ba6 {[%clk 1:22:11]} 17. Qb3 {[%clk 0:51:56]} Nb8 {[%clk 1:19:16]}
18. Bd2 {[%clk 0:49:43]} g5 {[%clk 1:14:56]} 19. Bc3 {[%clk 0:45:53]} g4 {[%clk
1:12:02]} 20. N3d2 {[%clk 0:45:01]} h5 {[%clk 1:09:21]} 21. Qd1 {[%clk
0:43:03]} Bf8 {[%clk 1:01:45]} 22. f3 {[%clk 0:35:29]} Rg8 {[%clk 0:58:38]} 23.
Nb3 {[%clk 0:23:34]} Kd7 {[%clk 0:56:20]} 24. f4 {[%clk 0:18:19]} Kc8 {[%clk
0:54:24]} 25. f5 {[%clk 0:14:08]} exf5 {[%clk 0:37:05]} 26. Bxf5+ {[%clk
0:14:32]} Kb7 {[%clk 0:37:32]} 27. Ne3 {[%clk 0:10:46]} Qg5 {[%clk 0:30:06]}
28. Nc1 {[%clk 0:08:02]} Qh4 {[%clk 0:26:33]} 29. Nd3 {[%clk 0:06:43]} Bh6
{[%clk 0:22:18]} 30. Nf1 {[%clk 0:04:16]} Qg5 {[%clk 0:21:06]} 31. Ne3 {[%clk
0:04:16]} Qd8 {[%clk 0:18:22]} 32. Nf1 {[%clk 0:03:55]} Rg5 {[%clk 0:18:27]}
33. Nxb4 {[%clk 0:03:36]} axb4 {[%clk 0:18:41]} 34. Bd2 {[%clk 0:04:02]} Rxf5
{[%clk 0:19:06]} 35. Ng3 {[%clk 0:04:08]} Bxd2 {[%clk 0:19:09]} 36. Nxf5 {[%clk
0:03:52]} Bxe1 {[%clk 0:18:48]} 37. Qxe1 {[%clk 0:04:22]} Qg5 {[%clk 0:18:00]}
38. Nd6+ {[%clk 0:04:33]} Kc7 {[%clk 0:13:54]} 39. Nxf7 {[%clk 0:03:20]} Qf4
{[%clk 0:14:06]} 40. e6 {[%clk 0:03:01]} Nd7 {[%clk 0:00:43]} 41. e7 {[%clk
0:30:13]} Nf6 {[%clk 0:30:44]} 42. e8=Q {[%clk 0:29:21]} Nxe8 {[%clk 0:31:12]}
43. Qxe8 {[%clk 0:29:40]} Qxd4+ {[%clk 0:25:57]} 44. Kh1 {[%clk 0:29:57]} Qf4
{[%clk 0:22:31]} 45. Qd8+ {[%clk 0:28:07]} Kb7 {[%clk 0:22:51]} 46. Qd7+ {[%clk
0:28:30]} Rc7 {[%clk 0:22:19]} 47. Nd6+ {[%clk 0:25:38]} Kb8 {[%clk 0:22:42]}
48. Qd8+ {[%clk 0:25:34]} Bc8 {[%clk 0:23:04]} 49. Rg1 {[%clk 0:25:24]} Qe3
{[%clk 0:18:30]} 50. Nxc8 {[%clk 0:20:29]} Rxc8 {[%clk 0:18:54]} 51. Qd6+
{[%clk 0:20:49]} Rc7 {[%clk 0:18:02]} 52. Qd8+ {[%clk 0:20:57]} Kb7 {[%clk
0:18:23]} 53. Qxd5+ {[%clk 0:21:13]} Ka7 54. Qd1 {[%clk 0:20:12]} g3 {[%clk
0:17:37]} 55. h3 {[%clk 0:18:08]} Qf2 {[%clk 0:17:24]} 56. b3 {[%clk 0:16:12]}
Qc5 {[%clk 0:12:41]} 57. Rf1 {[%clk 0:12:53]} h4 {[%clk 0:11:57]} 58. Qf3
{[%clk 0:11:24]} Re7 {[%clk 0:09:09]} 59. Qf4 {[%clk 0:10:07]} Rc7 {[%clk
0:08:09]} 60. Qf3 {[%clk 0:08:40]} Qc3 {[%clk 0:04:51]} 61. Qf4 {[%clk
0:04:32]} Qc2 {[%clk 0:04:22]} 62. Qxb4 {[%clk 0:02:39]} Qf2 {[%clk 0:03:33]}
63. Qe1 {[%clk 0:02:02]} Qxe1 {[%clk 0:02:39]} 64. Rxe1 {[%clk 0:02:27]} Ka6
{[%clk 0:02:16]} 65. b4 {[%clk 0:02:28]} Rc4 {[%clk 0:02:37]} 66. Rb1 {[%clk
0:02:36]} 1/2-1/2

[Event "DEM U14 2020"]
[Site "Willingen GER"]
[Date "2020.10.23"]
[Round "6"]
[White "Chassard, Cedric"]
[Black "Ohler, Julius"]
[Result "0-1"]
[Termination "normal"]
[Board "6"]
[WhiteElo "1916"]
[BlackElo "2011"]
[WhiteClock "00:49:54"]
[BlackClock "01:07:19"]
[PlyCount "56"]
[WhiteFideId "16243536"]
[BlackFideId "16238982"]
[EventCountry "GER"]
[EventRounds "7"]
[EventType "swiss"]
[EventDate "2020.10.19"]

1. e4 {[%clk 1:30:46]} c6 {[%clk 1:30:56]} 2. c4 {[%clk 1:30:42]} d5 {[%clk
1:30:18]} 3. exd5 {[%clk 1:30:31]} cxd5 {[%clk 1:30:42]} 4. cxd5 {[%clk
1:30:23]} Nf6 {[%clk 1:30:33]} 5. Nc3 {[%clk 1:30:24]} Nxd5 {[%clk 1:29:11]} 6.
Nf3 {[%clk 1:29:36]} Nc6 7. Bb5 {[%clk 1:29:30]} Nc7 {[%clk 1:23:44]} 8. Bc4
{[%clk 1:21:03]} Bf5 {[%clk 1:19:37]} 9. Qb3 {[%clk 1:18:41]} e6 {[%clk
1:16:33]} 10. Qxb7 {[%clk 1:17:45]} Na5 {[%clk 1:12:43]} 11. Bb5+ {[%clk
1:00:59]} Ke7 {[%clk 1:13:03]} 12. Ne5 {[%clk 0:54:21]} Nxb7 {[%clk 1:12:06]}
13. Nc6+ {[%clk 0:52:48]} Kf6 {[%clk 1:11:17]} 14. Nxd8 Rxd8 {[%clk 1:11:33]}
15. g4 {[%clk 0:50:29]} Nxb5 {[%clk 1:10:09]} 16. Nxb5 {[%clk 0:50:10]} Bd3
{[%clk 1:09:06]} 17. Nxa7 {[%clk 0:50:18]} Bc5 {[%clk 1:09:16]} 18. Nc6 {[%clk
0:49:44]} Rc8 {[%clk 1:09:09]} 19. b4 {[%clk 0:49:43]} Rxc6 {[%clk 1:09:04]}
20. bxc5 {[%clk 0:49:56]} Nxc5 {[%clk 1:08:27]} 21. Bb2+ {[%clk 0:48:51]} Kg6
{[%clk 1:07:06]} 22. Rc1 {[%clk 0:48:58]} Rhc8 {[%clk 1:07:17]} 23. Rc3 {[%clk
0:49:23]} Bb5 {[%clk 1:07:03]} 24. h4 {[%clk 0:48:44]} Nd3+ {[%clk 1:06:31]}
25. Rxd3 {[%clk 0:49:04]} Rc1+ {[%clk 1:06:43]} 26. Ke2 {[%clk 0:49:01]} Bxd3+
{[%clk 1:07:11]} 27. Kf3 {[%clk 0:49:29]} Rxh1 {[%clk 1:07:01]} 28. h5+ {[%clk
0:49:54]} Rxh5 {[%clk 1:07:19]} 0-1

[Event "DEM U14 2020"]
[Site "Willingen GER"]
[Date "2020.10.23"]
[Round "6"]
[White "Spriestersbach, Kai"]
[Black "Hommer, Jeremy"]
[Result "0-1"]
[Termination "normal"]
[Board "10"]
[WhiteElo "1863"]
[BlackElo "2246"]
[WhiteClock "00:11:00"]
[BlackClock "00:23:39"]
[PlyCount "64"]
[WhiteFideId "16269985"]
[BlackFideId "12992577"]
[EventCountry "GER"]
[EventRounds "7"]
[EventType "swiss"]
[EventDate "2020.10.19"]

1. e4 {[%clk 1:30:56]} e6 {[%clk 1:30:52]} 2. d4 {[%clk 1:31:20]} d5 {[%clk
1:31:17]} 3. Nc3 {[%clk 1:31:47]} Nf6 {[%clk 1:31:34]} 4. e5 {[%clk 1:32:10]}
Nfd7 {[%clk 1:31:58]} 5. f4 {[%clk 1:32:34]} c5 {[%clk 1:32:22]} 6. Nf3 {[%clk
1:32:52]} Nc6 {[%clk 1:32:47]} 7. Be3 {[%clk 1:33:13]} a6 {[%clk 1:33:12]} 8.
Qd2 {[%clk 1:33:33]} b5 {[%clk 1:33:36]} 9. Nd1 {[%clk 1:33:43]} b4 {[%clk
1:32:11]} 10. c3 {[%clk 1:32:09]} a5 {[%clk 1:26:05]} 11. h4 {[%clk 1:21:29]}
Qb6 {[%clk 1:24:43]} 12. h5 {[%clk 1:15:32]} Ba6 {[%clk 1:16:22]} 13. g4 {[%clk
1:04:21]} bxc3 {[%clk 1:10:12]} 14. bxc3 {[%clk 1:00:20]} Bxf1 {[%clk 1:03:51]}
15. Rxf1 {[%clk 1:00:15]} Rc8 {[%clk 1:02:46]} 16. Nf2 {[%clk 0:52:03]} cxd4
{[%clk 1:00:45]} 17. Nxd4 {[%clk 0:51:51]} Nxd4 {[%clk 1:01:04]} 18. Bxd4
{[%clk 0:52:02]} Bc5 {[%clk 1:01:22]} 19. Ke2 {[%clk 0:49:39]} Bxd4 {[%clk
0:55:22]} 20. cxd4 {[%clk 0:49:58]} O-O {[%clk 0:49:01]} 21. Rfc1 {[%clk
0:39:14]} f6 {[%clk 0:41:47]} 22. Rab1 {[%clk 0:38:58]} Qa7 {[%clk 0:40:00]}
23. Rxc8 {[%clk 0:33:56]} Rxc8 {[%clk 0:40:29]} 24. Rb5 {[%clk 0:33:33]} Qc7
{[%clk 0:28:55]} 25. Rxa5 {[%clk 0:22:22]} fxe5 {[%clk 0:27:58]} 26. fxe5
{[%clk 0:21:52]} Rf8 {[%clk 0:27:36]} 27. Kf1 {[%clk 0:17:40]} Nb6 {[%clk
0:26:01]} 28. Rc5 {[%clk 0:16:48]} Qf7 {[%clk 0:24:54]} 29. Rc2 {[%clk
0:12:08]} Nc4 {[%clk 0:24:50]} 30. Qd3 {[%clk 0:11:53]} Qf4 {[%clk 0:24:49]}
31. Kg1 {[%clk 0:10:59]} Ne3 {[%clk 0:23:40]} 32. Nh1 {[%clk 0:11:00]} Qxg4+
{[%clk 0:23:39]} 0-1

[Event "DEM U14 2020"]
[Site "Willingen GER"]
[Date "2020.10.23"]
[Round "6"]
[White "Ermitsch, Magnus"]
[Black "Bungarten, Jona"]
[Result "1/2-1/2"]
[Termination "normal"]
[Board "11"]
[WhiteElo "2049"]
[BlackElo "1834"]
[WhiteClock "00:30:13"]
[BlackClock "00:05:21"]
[PlyCount "83"]
[WhiteFideId "16234464"]
[BlackFideId "16223608"]
[EventCountry "GER"]
[EventRounds "7"]
[EventType "swiss"]
[EventDate "2020.10.19"]

1. e4 {[%clk 1:30:11]} e5 {[%clk 1:30:47]} 2. Nf3 {[%clk 1:29:56]} Nc6 {[%clk
1:31:05]} 3. Bb5 {[%clk 1:29:34]} Nge7 {[%clk 1:31:25]} 4. Nc3 {[%clk 1:28:34]}
Ng6 {[%clk 1:31:30]} 5. O-O {[%clk 1:26:01]} Bc5 {[%clk 1:31:41]} 6. a3 {[%clk
1:18:40]} O-O {[%clk 1:30:15]} 7. b4 {[%clk 1:17:45]} Be7 {[%clk 1:26:59]} 8.
Bc4 {[%clk 1:13:25]} d6 {[%clk 1:22:09]} 9. d3 {[%clk 1:12:15]} Bg4 {[%clk
1:20:15]} 10. h3 {[%clk 1:11:33]} Bxf3 {[%clk 1:19:24]} 11. Qxf3 {[%clk
1:11:34]} Nd4 {[%clk 1:19:46]} 12. Qd1 {[%clk 1:10:31]} Bg5 {[%clk 1:19:22]}
13. Be3 {[%clk 0:57:09]} c6 {[%clk 0:54:36]} 14. Ne2 {[%clk 0:41:55]} Ne6
{[%clk 0:51:00]} 15. d4 {[%clk 0:35:53]} Bf4 {[%clk 0:36:25]} 16. dxe5 {[%clk
0:28:08]} Bxe5 {[%clk 0:35:23]} 17. Rb1 {[%clk 0:26:43]} Qh4 {[%clk 0:32:06]}
18. Rb3 {[%clk 0:17:22]} d5 {[%clk 0:27:01]} 19. exd5 {[%clk 0:15:56]} Qxc4
{[%clk 0:27:22]} 20. dxe6 {[%clk 0:16:16]} fxe6 {[%clk 0:27:35]} 21. Qd3 {[%clk
0:15:19]} Qh4 {[%clk 0:25:24]} 22. Qd7 {[%clk 0:15:19]} Qc4 {[%clk 0:25:24]}
23. Qd3 {[%clk 0:15:19]} Qh4 {[%clk 0:25:24]} 24. Bc5 {[%clk 0:13:46]} Rf7
{[%clk 0:20:35]} 25. Qe3 {[%clk 0:11:42]} Qf6 {[%clk 0:16:34]} 26. Bd4 {[%clk
0:10:32]} Bxd4 {[%clk 0:16:07]} 27. Qxd4 {[%clk 0:10:43]} e5 {[%clk 0:15:51]}
28. Qe4 {[%clk 0:10:49]} Rd8 {[%clk 0:15:12]} 29. Rd3 {[%clk 0:09:11]} Rxd3
{[%clk 0:15:00]} 30. Qxd3 {[%clk 0:09:28]} Qg5 {[%clk 0:13:28]} 31. Rd1 {[%clk
0:07:30]} Rf8 {[%clk 0:11:03]} 32. Qg3 {[%clk 0:07:11]} Qf5 {[%clk 0:11:13]}
33. Rd2 {[%clk 0:06:38]} h6 {[%clk 0:08:49]} 34. Qe3 {[%clk 0:06:02]} Nf4
{[%clk 0:06:49]} 35. Nxf4 {[%clk 0:04:05]} Qxf4 {[%clk 0:06:35]} 36. Re2 {[%clk
0:03:20]} Rd8 {[%clk 0:04:16]} 37. Qxf4 {[%clk 0:01:00]} exf4 {[%clk 0:04:38]}
38. Re7 {[%clk 0:00:39]} Rd1+ {[%clk 0:04:56]} 39. Kh2 {[%clk 0:01:04]} Ra1
{[%clk 0:05:03]} 40. Rxb7 {[%clk 0:00:57]} Rxa3 {[%clk 0:05:28]} 41. Rc7 {[%clk
0:00:33]} Rc3 {[%clk 0:05:21]} 42. Rxa7 {[%clk 0:30:13]} 1/2-1/2

[Event "DEM U14 2020"]
[Site "Willingen GER"]
[Date "2020.10.23"]
[Round "6"]
[White "Freude, Max"]
[Black "Kageler, Anton Paul"]
[Result "0-1"]
[Termination "normal"]
[Board "14"]
[WhiteElo "1850"]
[BlackElo "1664"]
[WhiteClock "00:26:46"]
[BlackClock "00:20:14"]
[PlyCount "110"]
[WhiteFideId "16236157"]
[BlackFideId "16244850"]
[EventCountry "GER"]
[EventRounds "7"]
[EventType "swiss"]
[EventDate "2020.10.19"]

1. e4 {[%clk 1:30:55]} c5 {[%clk 1:30:48]} 2. Nf3 {[%clk 1:31:18]} d6 {[%clk
1:31:07]} 3. d4 {[%clk 1:31:42]} cxd4 {[%clk 1:31:23]} 4. Nxd4 {[%clk 1:32:06]}
Nf6 {[%clk 1:31:34]} 5. Nc3 {[%clk 1:32:30]} g6 {[%clk 1:31:51]} 6. Be3 {[%clk
1:32:55]} Bg7 {[%clk 1:32:08]} 7. f3 {[%clk 1:33:18]} O-O {[%clk 1:32:20]} 8.
Qd2 {[%clk 1:33:41]} Nc6 {[%clk 1:32:34]} 9. g4 {[%clk 1:34:02]} Nxd4 {[%clk
1:31:50]} 10. Bxd4 {[%clk 1:34:06]} Be6 {[%clk 1:32:09]} 11. h4 {[%clk
1:33:49]} Qa5 {[%clk 1:32:12]} 12. a3 {[%clk 1:23:37]} Rfc8 {[%clk 1:29:02]}
13. Qg5 {[%clk 1:15:38]} Qxg5 {[%clk 1:25:39]} 14. hxg5 {[%clk 1:15:43]} Nd7
{[%clk 1:23:04]} 15. Bxg7 {[%clk 1:15:24]} Kxg7 {[%clk 1:23:32]} 16. Be2 {[%clk
1:13:51]} Ne5 {[%clk 1:17:25]} 17. O-O-O {[%clk 1:02:19]} Bc4 {[%clk 1:04:42]}
18. Bxc4 {[%clk 0:53:34]} Rxc4 {[%clk 1:01:08]} 19. Rhf1 {[%clk 0:47:24]} Rac8
{[%clk 0:55:04]} 20. Rf2 {[%clk 0:40:20]} Rxc3 {[%clk 0:46:14]} 21. bxc3 {[%clk
0:40:26]} Rxc3 {[%clk 0:46:42]} 22. Rh2 {[%clk 0:18:43]} Rxf3 {[%clk 0:41:39]}
23. Rdh1 {[%clk 0:17:46]} e6 {[%clk 0:35:20]} 24. Rxh7+ {[%clk 0:17:45]} Kf8
{[%clk 0:35:47]} 25. Rh8+ {[%clk 0:17:39]} Ke7 {[%clk 0:36:14]} 26. Rb8 {[%clk
0:17:39]} Rxa3 {[%clk 0:32:08]} 27. Rhh8 {[%clk 0:15:20]} Kd7 {[%clk 0:25:45]}
28. Rxb7+ {[%clk 0:11:20]} Kc6 {[%clk 0:26:13]} 29. Rbb8 {[%clk 0:11:18]} Kc5
{[%clk 0:24:08]} 30. Rhc8+ {[%clk 0:06:59]} Kd4 {[%clk 0:21:55]} 31. Kb2 {[%clk
0:06:33]} Ra6 {[%clk 0:19:15]} 32. Rb4+ {[%clk 0:05:19]} Ke3 {[%clk 0:19:20]}
33. Rc7 {[%clk 0:03:57]} Kf4 {[%clk 0:16:59]} 34. Rbb7 {[%clk 0:02:58]} Rb6+
{[%clk 0:14:51]} 35. Kc3 {[%clk 0:02:36]} Rxb7 {[%clk 0:14:33]} 36. Rxb7 {[%clk
0:02:59]} Kxe4 {[%clk 0:14:50]} 37. Rxa7 {[%clk 0:03:14]} Kf4 {[%clk 0:08:41]}
38. Ra6 {[%clk 0:02:26]} d5 {[%clk 0:08:33]} 39. Ra4+ {[%clk 0:01:53]} Kxg5
{[%clk 0:08:21]} 40. Kd2 {[%clk 0:01:27]} Nxg4 {[%clk 0:07:17]} 41. Ke2 {[%clk
0:30:19]} Ne5 {[%clk 0:36:22]} 42. Ke3 {[%clk 0:29:17]} Kf5 {[%clk 0:35:42]}
43. Rf4+ {[%clk 0:29:06]} Kg5 {[%clk 0:35:48]} 44. Ra4 {[%clk 0:27:50]} f5
{[%clk 0:33:21]} 45. Rb4 {[%clk 0:26:44]} Kf6 {[%clk 0:24:30]} 46. Ra4 {[%clk
0:25:22]} g5 {[%clk 0:24:39]} 47. Ra8 {[%clk 0:25:15]} f4+ {[%clk 0:24:49]} 48.
Kf2 {[%clk 0:25:05]} Ng4+ {[%clk 0:24:13]} 49. Kf3 {[%clk 0:25:22]} Kf5 {[%clk
0:24:28]} 50. Rf8+ {[%clk 0:25:29]} Nf6 {[%clk 0:24:49]} 51. Rf7 {[%clk
0:25:56]} g4+ {[%clk 0:24:53]} 52. Kg2 {[%clk 0:26:20]} e5 {[%clk 0:20:31]} 53.
Rf8 {[%clk 0:26:26]} e4 {[%clk 0:20:32]} 54. Rf7 {[%clk 0:26:23]} e3 {[%clk
0:20:43]} 55. Rf8 {[%clk 0:26:46]} f3+ {[%clk 0:20:14]} 0-1

[Event "DEM U14 2020"]
[Site "Willingen GER"]
[Date "2020.10.23"]
[Round "6"]
[White "Kort, Felix"]
[Black "Klühs, Gustaf"]
[Result "1/2-1/2"]
[Termination "normal"]
[Board "15"]
[WhiteElo "1823"]
[BlackElo "1827"]
[WhiteClock "00:01:35"]
[BlackClock "00:03:57"]
[PlyCount "61"]
[WhiteFideId "16220129"]
[BlackFideId "16228936"]
[EventCountry "GER"]
[EventRounds "7"]
[EventType "swiss"]
[EventDate "2020.10.19"]

1. d4 {[%clk 1:30:57]} Nf6 {[%clk 1:30:57]} 2. c4 {[%clk 1:31:22]} e5 {[%clk
1:29:49]} 3. dxe5 {[%clk 1:31:38]} Ng4 {[%clk 1:30:14]} 4. Bf4 {[%clk 1:31:54]}
Nc6 {[%clk 1:30:40]} 5. Nf3 {[%clk 1:31:41]} Bb4+ {[%clk 1:31:06]} 6. Nbd2
{[%clk 1:30:01]} Qe7 {[%clk 1:31:21]} 7. a3 {[%clk 1:24:31]} Ngxe5 {[%clk
1:31:43]} 8. Nxe5 {[%clk 1:24:26]} Nxe5 {[%clk 1:32:06]} 9. Qc2 {[%clk
1:19:52]} Bxd2+ {[%clk 1:31:50]} 10. Qxd2 {[%clk 1:12:17]} d6 {[%clk 1:29:49]}
11. e3 {[%clk 1:06:07]} O-O {[%clk 1:30:03]} 12. Be2 {[%clk 1:06:07]} Rd8
{[%clk 1:22:00]} 13. O-O {[%clk 1:03:47]} Bd7 {[%clk 1:16:29]} 14. Rac1 {[%clk
0:56:04]} Bc6 {[%clk 1:00:16]} 15. b4 {[%clk 0:52:34]} b6 {[%clk 0:59:11]} 16.
Rfd1 {[%clk 0:49:06]} Ba4 {[%clk 0:52:03]} 17. Rf1 {[%clk 0:47:17]} Bc6 {[%clk
0:50:02]} 18. Qc3 {[%clk 0:44:14]} Ng6 {[%clk 0:40:53]} 19. Bg3 {[%clk
0:42:24]} Nh4 {[%clk 0:20:42]} 20. c5 {[%clk 0:27:51]} bxc5 {[%clk 0:11:30]}
21. bxc5 {[%clk 0:27:37]} d5 {[%clk 0:11:22]} 22. Qe5 {[%clk 0:15:29]} Qxe5
{[%clk 0:10:04]} 23. Bxe5 {[%clk 0:15:35]} Rd7 {[%clk 0:10:25]} 24. Bg3 {[%clk
0:14:27]} Ng6 {[%clk 0:10:39]} 25. Rfd1 {[%clk 0:13:02]} Nf8 {[%clk 0:04:55]}
26. Rd2 {[%clk 0:05:52]} f5 {[%clk 0:04:39]} 27. Bf3 {[%clk 0:04:31]} Ne6
{[%clk 0:04:19]} 28. Rcd1 {[%clk 0:02:44]} Rad8 {[%clk 0:04:31]} 29. Rc1 {[%clk
0:02:21]} Kf7 {[%clk 0:04:10]} 30. h4 {[%clk 0:02:21]} g6 {[%clk 0:03:57]} 31.
Kf1 {[%clk 0:01:35]} 1/2-1/2

[Event "DEM U14 2020"]
[Site "Willingen GER"]
[Date "2020.10.23"]
[Round "6"]
[White "Weidenhöfer, Max"]
[Black "Tovmasyan, Minas"]
[Result "0-1"]
[Termination "normal"]
[Board "16"]
[WhiteElo "1897"]
[BlackElo "1658"]
[WhiteClock "00:01:17"]
[BlackClock "00:01:08"]
[PlyCount "144"]
[WhiteFideId "16230566"]
[BlackFideId "16247620"]
[EventCountry "GER"]
[EventRounds "7"]
[EventType "swiss"]
[EventDate "2020.10.19"]

1. e4 {[%clk 1:30:59]} c5 {[%clk 1:30:54]} 2. Nf3 {[%clk 1:31:24]} e6 {[%clk
1:31:17]} 3. d4 {[%clk 1:31:49]} cxd4 {[%clk 1:31:42]} 4. Nxd4 {[%clk 1:32:16]}
a6 {[%clk 1:32:05]} 5. c4 {[%clk 1:31:37]} Qc7 {[%clk 1:32:02]} 6. Nc3 {[%clk
1:31:53]} Nf6 {[%clk 1:32:20]} 7. Be2 {[%clk 1:31:55]} d6 {[%clk 1:31:44]} 8.
f4 {[%clk 1:31:09]} b6 {[%clk 1:28:09]} 9. f5 {[%clk 1:31:05]} e5 {[%clk
1:02:23]} 10. Nb3 {[%clk 1:31:18]} Bb7 {[%clk 1:01:39]} 11. Be3 {[%clk
1:31:40]} Nbd7 {[%clk 0:57:41]} 12. Bd3 {[%clk 1:18:00]} h5 {[%clk 0:51:47]}
13. Rc1 {[%clk 1:11:26]} Be7 {[%clk 0:37:45]} 14. Nd5 {[%clk 1:05:42]} Bxd5
{[%clk 0:31:40]} 15. cxd5 {[%clk 1:05:58]} Qb7 {[%clk 0:31:19]} 16. Qe2 {[%clk
1:00:36]} O-O {[%clk 0:27:19]} 17. h3 {[%clk 0:55:06]} h4 {[%clk 0:23:35]} 18.
Bf2 {[%clk 0:54:06]} Nc5 {[%clk 0:22:13]} 19. Nxc5 {[%clk 0:53:02]} dxc5 {[%clk
0:22:01]} 20. O-O {[%clk 0:52:00]} Rfc8 {[%clk 0:10:53]} 21. Qe1 {[%clk
0:42:14]} b5 {[%clk 0:07:50]} 22. Bxh4 {[%clk 0:41:42]} c4 {[%clk 0:07:49]} 23.
Bb1 {[%clk 0:41:44]} a5 {[%clk 0:03:54]} 24. Kh1 {[%clk 0:41:00]} Nh5 {[%clk
0:02:26]} 25. Bg3 {[%clk 0:34:16]} Bf6 {[%clk 0:00:47]} 26. Bh2 {[%clk
0:34:15]} Nf4 {[%clk 0:00:40]} 27. Bxf4 {[%clk 0:34:27]} exf4 {[%clk 0:01:09]}
28. Qe2 {[%clk 0:30:25]} Be5 {[%clk 0:01:16]} 29. Rce1 {[%clk 0:30:33]} f6
{[%clk 0:01:20]} 30. Rd1 {[%clk 0:29:02]} Ra6 {[%clk 0:00:52]} 31. Qd2 {[%clk
0:27:51]} Qc7 {[%clk 0:00:38]} 32. Qe2 {[%clk 0:22:24]} Rb6 {[%clk 0:00:42]}
33. Rc1 {[%clk 0:22:25]} Qd6 {[%clk 0:00:43]} 34. b3 {[%clk 0:22:24]} Qb4
{[%clk 0:00:33]} 35. Bd3 {[%clk 0:19:45]} c3 {[%clk 0:00:32]} 36. Qg4 {[%clk
0:15:25]} Qe7 {[%clk 0:00:37]} 37. Qh4 {[%clk 0:12:29]} Rcb8 {[%clk 0:00:36]}
38. Be2 {[%clk 0:12:38]} Qd6 {[%clk 0:00:31]} 39. Bh5 {[%clk 0:09:00]} Kf8
{[%clk 0:00:39]} 40. Bg6 {[%clk 0:07:51]} Ke7 {[%clk 0:00:37]} 41. Qh7 {[%clk
0:05:50]} R8b7 {[%clk 0:19:22]} 42. Qxg7+ {[%clk 0:30:56]} Kd8 {[%clk 0:18:47]}
43. Qg8+ {[%clk 0:30:14]} Kc7 {[%clk 0:19:11]} 44. Rxf4 {[%clk 0:24:55]} Rb8
{[%clk 0:02:03]} 45. Qf7+ {[%clk 0:24:32]} Qd7 {[%clk 0:01:39]} 46. Qxd7+
{[%clk 0:23:42]} Kxd7 {[%clk 0:02:08]} 47. Rf3 {[%clk 0:22:58]} b4 {[%clk
0:02:01]} 48. Rf2 {[%clk 0:11:22]} a4 {[%clk 0:01:43]} 49. bxa4 {[%clk
0:09:56]} b3 {[%clk 0:00:42]} 50. axb3 {[%clk 0:09:55]} Rxb3 {[%clk 0:01:08]}
51. g3 {[%clk 0:07:03]} Rb1 {[%clk 0:00:33]} 52. Rfc2 {[%clk 0:07:11]} Rxc1+
{[%clk 0:00:43]} 53. Rxc1 Rb2 {[%clk 0:00:59]} 54. Bh5 {[%clk 0:07:53]} c2
{[%clk 0:00:32]} 55. Kg2 {[%clk 0:08:04]} Bc3 {[%clk 0:00:43]} 56. Kf3 {[%clk
0:01:17]} Bd2 {[%clk 0:00:57]} 57. Rxc2 {[%clk 0:01:27]} Rxc2 {[%clk 0:01:26]}
58. Bf7 {[%clk 0:01:27]} Rc3+ {[%clk 0:01:17]} 59. Ke2 {[%clk 0:01:07]} Bh6
{[%clk 0:01:02]} 60. Kf2 {[%clk 0:01:26]} Re3 {[%clk 0:00:49]} 61. Be6+ {[%clk
0:01:01]} Kd6 {[%clk 0:00:59]} 62. e5+ {[%clk 0:01:02]} Kxe5 {[%clk 0:00:38]}
63. h4 {[%clk 0:01:09]} Ra3 {[%clk 0:00:31]} 64. g4 {[%clk 0:01:13]} Ra2+
{[%clk 0:00:36]} 65. Kf3 {[%clk 0:01:24]} Ra3+ {[%clk 0:00:45]} 66. Ke2 {[%clk
0:01:36]} Kf4 {[%clk 0:00:37]} 67. d6 {[%clk 0:01:35]} Rxa4 {[%clk 0:00:39]}
68. d7 {[%clk 0:01:33]} Rd4 {[%clk 0:00:51]} 69. g5 {[%clk 0:01:41]} fxg5
{[%clk 0:00:34]} 70. hxg5 {[%clk 0:01:48]} Bxg5 {[%clk 0:00:48]} 71. Kf2 {[%clk
0:01:04]} Rd2+ {[%clk 0:01:08]} 72. Ke1 {[%clk 0:01:17]} Ke5 0-1